Łódź - Miasta do których jeżdżą pociągi - Statystyki

Ogólne statystyki
  • Ten quiz został rozwiązany 73 razy
  • Średni wynik to 35 z 63
Statystyki odpowiedzi
Przewoźnik Klasa Ludność (2021) Ranga Administracyjna Województwo Odpowiedź % Poprawnych
PKP IC 296 958 Wojewódzkie Podlaskie Białystok
97%
PKP IC | TLK 244 969 Miasto na prawach powiatu Pomorskie Gdynia
92%
PKP | PR | ŁKA IC | TLK | IR | ŁS 1 794 166 Stołeczne Mazowieckie Warszawa
92%
PKP | PR | ŁKA | KW C | R | ŁP | OsP 532 048 Wojewódzkie Wielkopolskie Poznań
89%
PKP IC | TLK 470 805 Wojewódzkie Pomorskie Gdańsk
88%
PKP IC | TLK 290 553 Wojewódzkie Śląskie Katowice
86%
PKP IC 779 966 Wojewódzkie Małopolskie Kraków
86%
PKP IC 641 928 Wojewódzkie Dolnośląskie Wrocław
86%
PKP IC 398 255 Wojewódzkie Zachodniopomorskie Szczecin
85%
PKP | PR IC | R 344 091 Wojewódzkie Kujawsko-Pomorskie Bydgoszcz
83%
PKP | PR | ŁKA IC | TLK | R | Ł 217 530 Miasto na prawach powiatu Śląskie Częstochowa
83%
PKP IC 171 249 Wojewódzkie Warmińsko-Mazurskie Olsztyn
75%
PKP | PR | ŁKA IC | TLK | R | IR | Ł | ŁP | ŁS 47 655 Miasto na prawach powiatu Łódzkie Skierniewice
74%
PKP | PR | ŁKA | KW IC | R | ŁP | OsP 99 106 Miasto na prawach powiatu Wielkopolskie Kalisz
72%
PKP IC 338 586 Wojewódzkie Lubelskie Lublin
72%
PKP | ŁKA IC | Ł 209 296 Miasto na prawach powiatu Mazowieckie Radom
72%
PKP TLK 177 049 Miasto na prawach powiatu Śląskie Gliwice
71%
PR | ŁKA R | Ł 193 415 Wojewódzkie Świętokrzyskie Kielce
71%
PKP | PR IC | R 198 613 Wojewódzkie Kujawsko-Pomorskie Toruń
71%
PKP IC 46 -198 Powiatowe Zachodniopomorskie Kołobrzeg
66%
PKP | PR | ŁKA IC | TLK | R | Ł 43 332 Powiatowe Łódzkie Kutno
65%
PKP | PR | ŁKA | KW IC | R | Ł | ŁP | OsP 63 945 Powiatowe Łódzkie Pabianice
65%
PKP IC 72 539 Miasto na prawach powiatu Wielkopolskie Konin
63%
PKP IC | TLK 35 286 Miasto na prawach powiatu Pomorskie Sopot
63%
PKP IC 169 756 Miasto na prawach powiatu Śląskie Bielsko Biała
62%
PKP | PR | ŁKA IC | TLK | R | Ł 55 673 Powiatowe Łódzkie Zgierz
62%
PKP IC 61 903 Powiatowe Warmińsko Mazurskie Ełk
60%
PKP | PR | ŁKA IC | TLK | R | IR | Ł | ŁP | ŁS 12 776 Gminne Łódzkie Koluszki
60%
ŁKA Ł 27 896 Powiatowe Łódzkie Łowicz
58%
PKP IC 106 235 Miasto na prawach powiatu Zachodniopomorskie Koszalin
57%
PKP IC 197 586 Miasto na prawach powiatu Śląskie Sosnowiec
57%
PKP IC 26 846 Powiatowe Małopolskie Zakopane
57%
PKP | PR | ŁKA IC | TLK | R | Ł 45 353 Powiatowe Łódzkie Radomsko
54%
PKP | PR | ŁKA | KW IC | R | Ł | ŁP | OsP 41 390 Powiatowe Łódzkie Sieradz
54%
PKP | PR | ŁKA | KW IC | R | Ł | ŁP | OsP 41 288 Powiatowe Łódzkie Zduńska Wola
54%
PKP IC | TLK 118 268 Miasto na prawach powiatu Mazowieckie Płock
51%
PKP IC | TLK 33 206 Powiatowe Warmińsko Mazurskie Iława
49%
PKP IC 78 335 Miasto na prawach powiatu Dolnośląskie Jelenia Góra
49%
PKP | PR | ŁKA | KW IC | R | ŁP | OsP 71 560 Powiatowe Wielkopolskie Ostrów Wielkopolski
49%
PKP IC | TLK 59 430 Powiatowe Pomorskie Tczew
49%
PKP | PR IC | TLK | IR 39 550 Powiatowe Mazowieckie Żyrardów
49%
PKP IC 89 780 Miasto na prawach powiatu Pomorskie Słupsk
48%
PKP | PR | ŁKA IC | R | Ł 61 338 Powiatowe Łódzkie Tomaszów Mazowiecki
48%
PR | ŁKA R | Ł 20 746 Powiatowe Łódzkie Opoczno
46%
PR | ŁKA R | Ł 44 260 Powiatowe Świętokrzyskie Skarżysko-Kamienna
46%
PKP IC 109 971 Miasto na prawach powiatu Dolnośląskie Wałbrzych
45%
PKP | PR IC | R 108 561 Miasto na prawach powiatu Kujawsko-Pomorskie Włocławek
42%
PR | ŁKA R | Ł 18 878 Powiatowe Świętokrzyskie Końskie
40%
PKP IC 43 883 Powiatowe Mazowieckie Ciechanów
38%
PKP IC | TLK 38 101 Powiatowe Pomorskie Malbork
38%
PKP IC 67 579 Powiatowe Zachodniopomorskie Stargard
38%
PKP | PR IC | R 9798 Powiatowe Świętokrzyskie Włoszczowa
37%
PKP IC 48 703 Powiatowe Śląskie Zawiercie
37%
PKP IC | TLK 21 145 Powiatowe Warmińsko-Mazurskie Działdowo
35%
PKP | PR | ŁKA IC | TLK | R | Ł 19 128 Gminne Łódzkie Ozorków
35%
PKP IC 35 101 Powiatowe Pomorskie Lębork
31%
ŁKA Ł 13 961 Gminne Łódzkie Głowno
29%
PKP IC 33 257 Powiatowe Małopolskie Nowy Targ
26%
PKP | ŁKA IC | Ł 3803 Gminne Łódzkie Drzewica
23%
PKP IC 6653 Gminne Dolnośląskie Szklarska Poręba
22%
ŁKA Ł 3428 Gminne Łódzkie Stryków
18%
PKP IC 3727 Gminne Lubelskie Nałęczów
11%
PKP IC 9044 Powiatowe Małopolskie Sucha Beskidzka
8%
Nie znaleziono quizów pasujących do podanych kryteriów
Rozkład punktacji
Procent ludzi z każdym wynikiem
Percentyl według liczby udzielonych odpowiedzi
Twoja historia wyników
Nie rozwiązałeś tego quizu